[Event "CZE-ch U14 Girls"]
[Site "Kouty nad Desnou"]
[Date "2024.03.16"]
[Round "9"]
[White "Horkova, Tereza"]
[Black "Barteckova, Nikol"]
[Result "0-1"]
[WhiteElo "1845"]
[BlackElo "1612"]
[PlyCount "94"]
[EventDate "2024.03.09"]
[EventType "swiss"]
[EventRounds "9"]
[EventCountry "CZE"]
[SourceTitle "CB12_2024"]
[SourceDate "2023.10.01"]
[SourceVersion "1"]
[SourceVersionDate "2023.10.01"]
[SourceQuality "1"]

1. e4 e6 2. d4 d5 3. e5 c5 4. c3 Nc6 5. Nf3 Bd7 6. Be2 Qb6 7. 0-0 cxd4 8. cxd4 Nge7 9. Na3 Nf5 10. Nc2 Be7 11. g3 0-0 12. h4 Rac8 13. b3 Rc7 14. Bb2 Rfc8 15. Rc1 a6 16. Kg2 Na7 17. Ne3 Nxe3+ 18. fxe3 Rxc1 19. Bxc1 Qc7 20. Qe1 Qc2 21. Qf2 Be8 22. Ng5 Bxg5 23. hxg5 Qg6 24. Ba3 Bb5 25. Rc1 Rxc1 26. Bxc1 Bxe2 27. Qxe2 Qxg5 28. Qc2 Nc6 29. Qc5 Qh5 30. Ba3 h6 31. Qc2 Qg5 32. Qc3 h5 33. Kf3 Qf5+ 34. Kg2 h4 35. gxh4 Qg4+ 36. Kf1 Qxh4 37. Qc5 Qh3+ 38. Ke2 Qg2+ 39. Ke1 Qf3 40. Qc3 Qh1+ 41. Kf2 Qh2+ 42. Ke1 Qxa2 43. Qc5 Qxb3 44. Qf8+ Kh7 45. Qxf7 Qxe3+ 46. Kf1 Qh3+ 47. Kg1 Nxd4 0-1

[Event "CZE-ch U14 Girls"]
[Site "Kouty nad Desnou"]
[Date "2024.03.12"]
[Round "5"]
[White "Horkova, Tereza"]
[Black "Bouchalova, Kveta"]
[Result "1-0"]
[WhiteElo "1845"]
[BlackElo "1627"]
[PlyCount "85"]
[EventDate "2024.03.09"]
[EventType "swiss"]
[EventRounds "9"]
[EventCountry "CZE"]
[SourceTitle "CB12_2024"]
[SourceDate "2023.10.01"]
[SourceVersion "1"]
[SourceVersionDate "2023.10.01"]
[SourceQuality "1"]

1. e4 e5 2. Nf3 Nc6 3. Bc4 Nf6 4. Ng5 d5 5. exd5 Na5 6. Bb5+ c6 7. dxc6 bxc6 8. Bd3 Nd5 9. Nf3 Bd6 10. 0-0 0-0 11. Re1 f5 12. Nxe5 Qf6 13. Nc4 Nxc4 14. Bxc4 Qh4 15. Bxd5+ cxd5 16. g3 Qd4 17. c3 Qf6 18. f4 g5 19. d4 gxf4 20. Bxf4 Bxf4 21. gxf4 Qh4 22. Qd2 Kh8 23. Kh1 Bb7 24. Na3 Rae8 25. Rxe8 Rxe8 26. Rg1 Qh6 27. Nb5 Ba6 28. a4 Qf8 29. Qg2 Re7 30. b4 Bc8 31. Nd6 Be6 32. c4 dxc4 33. d5 Bc8 34. Nxc4 Bb7 35. Qb2+ Rg7 36. Ne3 Qf7 37. Qxg7+ Qxg7 38. Rxg7 Kxg7 39. Nxf5+ Kg6 40. Ne3 Kh5 41. h3 Kh4 42. Kh2 Bc8 43. d6 1-0

[Event "CZE-ch U14 Girls"]
[Site "Kouty nad Desnou"]
[Date "2024.03.10"]
[Round "2"]
[White "Kubatova, Beta"]
[Black "Horkova, Tereza"]
[Result "0-1"]
[WhiteElo "1666"]
[BlackElo "1845"]
[PlyCount "82"]
[EventDate "2024.03.09"]
[EventType "swiss"]
[EventRounds "9"]
[EventCountry "CZE"]
[SourceTitle "CB12_2024"]
[SourceDate "2023.10.01"]
[SourceVersion "1"]
[SourceVersionDate "2023.10.01"]
[SourceQuality "1"]

1. d4 d5 2. c4 c6 3. Nc3 e6 4. e3 Nf6 5. Nf3 Nbd7 6. Qc2 Be7 7. b3 0-0 8. Bb2 b6 9. Be2 Bb7 10. 0-0 Rc8 11. Rad1 Qc7 12. Rfe1 Rfd8 13. h3 Bd6 14. e4 dxe4 15. Nxe4 Nxe4 16. Qxe4 Nf6 17. Qb1 Bb4 18. Rf1 Qe7 19. Qc2 h6 20. a3 Bd6 21. b4 Nh5 22. Nd2 Nf4 23. Ne4 Bb8 24. Bf3 h5 25. Bc1 Qc7 26. g3 Nxh3+ 27. Kg2 f5 28. Kxh3 fxe4 29. Qxe4 Qf7 30. Kg2 Rd7 31. Rh1 c5 32. d5 exd5 33. cxd5 Re8 34. Qc4 cxb4 35. axb4 g6 36. Be3 Rf8 37. Qe2 Ba6 38. Qxa6 Qxf3+ 39. Kh2 h4 40. Rhg1 hxg3+ 41. Rxg3 Rh7+ 0-1

[Event "CZE-ch U14 Girls"]
[Site "Teplice"]
[Date "2023.03.17"]
[Round "8"]
[White "Horkova, Tereza"]
[Black "Barteckova, Valerie"]
[Result "1-0"]
[WhiteElo "1521"]
[BlackElo "1478"]
[PlyCount "119"]
[EventDate "2023.03.11"]
[EventType "swiss"]
[EventRounds "9"]
[EventCountry "CZE"]
[SourceTitle "CBM 213 Extra"]
[Source "ChessBase"]
[SourceDate "2023.05.31"]
[SourceVersion "1"]
[SourceVersionDate "2023.05.31"]
[SourceQuality "1"]

1. e4 e6 2. d4 d5 3. e5 c5 4. c3 Nc6 5. Nf3 Qb6 6. Be2 cxd4 7. cxd4 Bb4+ 8. Kf1 Nge7 9. a3 Ba5 10. b4 Bxb4 11. axb4 Qxb4 12. Bd2 Qb6 13. Nc3 0-0 14. g3 Nf5 15. Na4 Qc7 16. Rc1 Bd7 17. Kg2 Rfc8 18. h4 Qd8 19. Bc3 Qe8 20. Nc5 b6 21. Nb7 Rcb8 22. Ba6 Bc8 23. g4 Bxb7 24. Bxb7 Rxb7 25. gxf5 exf5 26. Qd3 Qe6 27. h5 Rc8 28. Ng5 Qd7 29. Rce1 Re8 30. Re3 h6 31. Nh3 Rc7 32. Rg3 Rec8 33. Bd2 Kh8 34. Rg1 Ne7 35. Kh2 Rg8 36. Bf4 Rc6 37. Qf3 Qd8 38. Bd2 Rc4 39. Qd3 Qc8 40. Nf4 Qd7 41. Be3 Rc6 42. Qd2 Qc7 43. Kh1 Rc2 44. Qd1 Rc6 45. Qf3 Qc8 46. Nxd5 Nxd5 47. Qxd5 Qa8 48. Kh2 Qe8 49. Qg2 g5 50. hxg6 Rcxg6 51. Qh3 Qe6 52. Rxg6 Rxg6 53. Rxg6 fxg6 54. Qxh6+ Kg8 55. Kg3 Qd5 56. Qxg6+ Kf8 57. Qxf5+ Ke8 58. Qc8+ Ke7 59. Qc7+ Ke8 60. Bg5 1-0

[Event "CZE-ch U14 Girls"]
[Site "Teplice"]
[Date "2023.03.12"]
[Round "2"]
[White "Horkova, Tereza"]
[Black "Bouchalova, Kveta"]
[Result "1-0"]
[WhiteElo "1521"]
[BlackElo "1341"]
[PlyCount "87"]
[EventDate "2023.03.11"]
[EventType "swiss"]
[EventRounds "9"]
[EventCountry "CZE"]
[SourceTitle "CBM 213 Extra"]
[Source "ChessBase"]
[SourceDate "2023.05.31"]
[SourceVersion "1"]
[SourceVersionDate "2023.05.31"]
[SourceQuality "1"]

1. e4 e5 2. Nf3 Nc6 3. Bc4 Nf6 4. Ng5 d5 5. exd5 b5 6. Bf1 Nd4 7. c3 Nxd5 8. Nxf7 Kxf7 9. cxd4 exd4 10. Bxb5 Rb8 11. Bc4 Be6 12. Qf3+ Nf6 13. Bxe6+ Kxe6 14. 0-0 Kf7 15. b3 Bd6 16. Bb2 Re8 17. Na3 c5 18. Nc4 Bc7 19. Rfe1 Re7 20. Ba3 Rc8 21. Kf1 Bb8 22. Rxe7+ Qxe7 23. Re1 Qd7 24. h3 Kg8 25. Ne5 Qd6 26. Qd3 Qd5 27. Qc4 Qxc4+ 28. bxc4 Re8 29. Nd3 Ne4 30. Re2 Bd6 31. Bxc5 Kf7 32. Bxd4 a6 33. Nc1 Bb4 34. Nb3 a5 35. d3 Nc3 36. Rxe8 Kxe8 37. a3 Bxa3 38. Bxc3 a4 39. Nd4 Be7 40. Ke2 a3 41. Nb3 Bf6 42. Bxf6 gxf6 43. d4 Kd7 44. Kd3 1-0

[Event "Moravia-Silesia Region-chT 2223"]
[Site "Czech Republic"]
[Date "2023.01.29"]
[Round "7"]
[White "Horkova, Tereza"]
[Black "Stusek, Petr"]
[Result "1-0"]
[WhiteElo "1438"]
[BlackElo "1471"]
[PlyCount "49"]
[EventDate "2022.10.09"]
[EventType "team-tourn"]
[EventRounds "11"]
[EventCountry "CZE"]
[SourceTitle "EXT 2024"]
[Source "ChessBase"]
[SourceDate "2023.10.10"]
[SourceVersion "1"]
[SourceVersionDate "2023.10.10"]
[SourceQuality "1"]
[WhiteTeam "Frydek Mistek IV"]
[BlackTeam "Koprivnice Tatra II"]
[WhiteTeamCountry "CZE"]
[BlackTeamCountry "CZE"]

1. e4 c6 2. d4 d5 3. e5 c5 4. c3 Nc6 5. Nf3 Bf5 6. Be2 e6 7. 0-0 Qb6 8. h4 h6 9. b3 Be7 10. g3 Rc8 11. Bb2 cxd4 12. Nxd4 Bh3 13. Nxc6 Qxc6 14. Re1 d4 15. Bf3 Qb6 16. cxd4 Bb4 17. Re2 Bf5 18. a3 Be7 19. Nc3 Rd8 20. d5 exd5 21. Nxd5 Qg6 22. h5 Qc6 23. Rc1 Qd7 24. Rd2 Kf8 25. Rc7 1-0

[Event "CZE-chT U12"]
[Site "Jihlava"]
[Date "2022.06.12"]
[Round "8.2"]
[White "Knapek, Jan"]
[Black "Horkova, Tereza"]
[Result "1/2-1/2"]
[WhiteElo "1306"]
[BlackElo "1732"]
[PlyCount "118"]
[EventDate "2022.06.10"]
[EventType "team-swiss"]
[EventRounds "9"]
[EventCountry "CZE"]
[SourceTitle "CBM 209 Extra"]
[Source "ChessBase"]
[SourceDate "2022.09.30"]
[SourceVersion "1"]
[SourceVersionDate "2022.09.30"]
[SourceQuality "1"]
[WhiteTeam "Grygov U12"]
[BlackTeam "Frydek Mistek U12"]
[WhiteTeamCountry "CZE"]
[BlackTeamCountry "CZE"]

1. e4 c5 2. Nf3 e6 3. d4 cxd4 4. Nxd4 Nf6 5. Nc3 Nc6 6. Be3 Bb4 7. Nxc6 bxc6 8. Bd3 d5 9. exd5 Nxd5 10. Bd2 Qa5 11. Nxd5 Bxd2+ 12. Qxd2 Qxd2+ 13. Kxd2 cxd5 14. Rhe1 Rb8 15. b3 Ke7 16. Re2 Bd7 17. Rae1 Rhc8 18. h3 a5 19. a4 h6 20. f4 Kd6 21. Rf2 f6 22. g4 Rf8 23. h4 e5 24. fxe5+ fxe5 25. Rxf8 Rxf8 26. g5 hxg5 27. hxg5 e4 28. Bb5 Rf2+ 29. Re2 Rxe2+ 30. Bxe2 Be6 31. Ke3 Ke5 32. c4 dxc4 33. bxc4 g6 34. Bf1 Bd7 35. Bg2 Bc6 36. c5 Bd5 37. Bh1 Bb7 38. Bg2 Bc6 39. Bh1 Kf5 40. Bg2 Kxg5 41. Bxe4 Bxa4 42. c6 Bxc6 43. Bxc6 Kf5 44. Kf2 g5 45. Kg1 Kf4 46. Ba4 g4 47. Be8 g3 48. Ba4 Kf3 49. Bc6+ Kg4 50. Kg2 Kf4 51. Ba4 Kg4 52. Bc6 Kf4 53. Bd7 Ke4 54. Kxg3 Kd4 55. Kf3 Kc4 56. Ke3 Kc3 57. Ke2 Kb3 58. Kd1 a4 59. Bxa4+ Kxa4 1/2-1/2

[Event "CZE-chT U12"]
[Site "Jihlava"]
[Date "2022.06.11"]
[Round "6.2"]
[White "Horkova, Tereza"]
[Black "Soucek, Andrej"]
[Result "0-1"]
[WhiteElo "1732"]
[BlackElo "1310"]
[PlyCount "118"]
[EventDate "2022.06.10"]
[EventType "team-swiss"]
[EventRounds "9"]
[EventCountry "CZE"]
[SourceTitle "CBM 209 Extra"]
[Source "ChessBase"]
[SourceDate "2022.09.30"]
[SourceVersion "1"]
[SourceVersionDate "2022.09.30"]
[SourceQuality "1"]
[WhiteTeam "Frydek Mistek U12"]
[BlackTeam "Stare Mesto U12"]
[WhiteTeamCountry "CZE"]
[BlackTeamCountry "CZE"]

1. e4 c5 2. c3 Nf6 3. e5 Nd5 4. d4 cxd4 5. cxd4 e6 6. Bc4 Nb6 7. Bb3 d6 8. Nf3 Be7 9. Nc3 0-0 10. 0-0 Nc6 11. Bf4 a6 12. Rc1 d5 13. Bc2 f6 14. exf6 Bxf6 15. Qd3 g6 16. Bh6 Bg7 17. Bxg7 Kxg7 18. Bb1 Nc4 19. Qe2 Qb6 20. Na4 Qd8 21. Nc5 Qf6 22. Rfe1 Nxd4 23. Nxd4 Qxd4 24. b3 Qxc5 25. bxc4 d4 26. Qe5+ Qxe5 27. Rxe5 Rd8 28. Rd1 Kf6 29. Re4 e5 30. f4 exf4 31. Rxf4+ Kg7 32. Rfxd4 Rxd4 33. Rxd4 Be6 34. Kf2 Rc8 35. Bd3 Kf6 36. Rh4 h5 37. Ke3 Kg5 38. Re4 Bf5 39. h4+ Kf6 40. Rf4 Rc5 41. Bxf5 gxf5 42. Kd4 Ra5 43. Rf2 Ra3 44. Kd5 Rd3+ 45. Kc5 Rc3 46. Kb6 Rxc4 47. Kxb7 Rxh4 48. Kxa6 Rb4 49. Ka5 Rb1 50. a4 Kg5 51. g3 Rb3 52. Rg2 Kg4 53. Ka6 Rxg3 54. Rxg3+ Kxg3 55. a5 h4 56. Kb7 h3 57. a6 h2 58. a7 h1Q+ 59. Kb8 Qa1 0-1

[Event "EU-ch Online U12 Girls"]
[Site "Tornelo INT"]
[Date "2020.09.20"]
[Round "8"]
[White "Horkova, Tereza"]
[Black "Amidzic, Milica"]
[Result "1-0"]
[WhiteElo "1230"]
[BlackElo "1350"]
[PlyCount "87"]
[EventDate "2020.09.18"]
[EventType "swiss (rapid)"]
[EventRounds "9"]
[EventCountry "NET"]
[SourceTitle "EXT 2023"]
[Source "ChessBase"]
[SourceDate "2022.10.05"]
[SourceVersion "1"]
[SourceVersionDate "2022.10.05"]
[SourceQuality "1"]
[WhiteTeam "Czech Republic"]
[BlackTeam "Serbia"]
[WhiteTeamCountry "CZE"]
[BlackTeamCountry "SRB"]

1. e4 e5 2. Nf3 Nc6 3. Bc4 Bc5 4. c3 Nf6 5. d4 exd4 6. cxd4 Bb4+ 7. Bd2 Bxd2+ 8. Nbxd2 d6 9. 0-0 Bg4 10. Qb3 0-0 11. Rfe1 Na5 12. Qc3 Nxc4 13. Qxc4 Re8 14. e5 dxe5 15. Nxe5 Be6 16. Qc2 Qxd4 17. Ndf3 Qd7 18. Nxd7 Bxd7 19. Rxe8+ Nxe8 20. Ng5 Nf6 21. Rd1 Bc6 22. b4 Re8 23. h3 h6 24. Nf3 a6 25. Nd4 Bd5 26. Qxc7 Bxa2 27. Qxb7 Rd8 28. Qxa6 Bb3 29. Qa5 Rd5 30. Qa8+ Kh7 31. Rb1 Bc4 32. Nf3 Bd3 33. Rd1 Rd6 34. Qa3 Rd5 35. Rxd3 Rxd3 36. Qxd3+ Kg8 37. b5 g6 38. b6 Kg7 39. b7 Ne8 40. b8Q Nf6 41. Qd4 g5 42. Qbe5 Kg6 43. Qxf6+ Kh5 44. Qg4# 1-0

[Event "EU-ch Online U12 Girls"]
[Site "Tornelo INT"]
[Date "2020.09.20"]
[Round "9"]
[White "Wartenberg, Alissa"]
[Black "Horkova, Tereza"]
[Result "1-0"]
[WhiteElo "1463"]
[BlackElo "1230"]
[PlyCount "139"]
[EventDate "2020.09.18"]
[EventType "swiss (rapid)"]
[EventRounds "9"]
[EventCountry "NET"]
[SourceTitle "EXT 2023"]
[Source "ChessBase"]
[SourceDate "2022.10.05"]
[SourceVersion "1"]
[SourceVersionDate "2022.10.05"]
[SourceQuality "1"]
[WhiteTeam "Germany"]
[BlackTeam "Czech Republic"]
[WhiteTeamCountry "GER"]
[BlackTeamCountry "CZE"]

1. e4 c5 2. Nf3 e6 3. d4 cxd4 4. Nxd4 Nc6 5. Nb5 Bb4+ 6. N1c3 Bxc3+ 7. Nxc3 Nf6 8. Bg5 0-0 9. Bd3 Re8 10. Qf3 Ne5 11. Qg3 Nxd3+ 12. cxd3 d5 13. e5 h6 14. exf6 hxg5 15. fxg7 Kxg7 16. Qe5+ f6 17. Qg3 d4 18. Ne4 Qa5+ 19. Ke2 Qb5 20. b3 Qd5 21. h4 Rg8 22. hxg5 fxg5 23. Nxg5 Kf8 24. Nh7+ Kf7 25. Qf4+ Qf5 26. Qc7+ Ke8 27. Rh3 Bd7 28. Rah1 Rc8 29. Qd6 Rc2+ 30. Kd1 Qxf2 31. Nf6+ Qxf6 32. Kxc2 Rxg2+ 33. Kd1 Rg8 34. Qb8+ Kf7 35. Rh7+ Rg7 36. Rxg7+ Qxg7 37. Rf1+ Ke7 38. Qxb7 Qg4+ 39. Qf3 Qg7 40. Qf4 e5 41. Qh4+ Ke8 42. Qh5+ Kd8 43. Qf7 Qg4+ 44. Qf3 Qg7 45. Qf6+ Qxf6 46. Rxf6 Ke7 47. Ra6 Bb5 48. Rxa7+ Kd6 49. Kd2 Kc6 50. Re7 Kd6 51. Rh7 Kd5 52. Rh6 Kc5 53. a3 Be8 54. Rh8 Bf7 55. b4+ Kb5 56. Rh7 Bg6 57. Re7 Ka4 58. Ra7+ Kb5 59. Ra5+ Kc6 60. Rxe5 Bxd3 61. Kxd3 Kd6 62. Re4 Kc6 63. Kxd4 Kb6 64. a4 Ka6 65. b5+ Ka7 66. a5 Kb7 67. Kc5 Ka8 68. a6 Kb8 69. b6 Ka8 70. Re8# 1-0

[Event "EU-ch Online U12 Girls"]
[Site "Tornelo INT"]
[Date "2020.09.19"]
[Round "6"]
[White "Budagova, Leyla"]
[Black "Horkova, Tereza"]
[Result "1-0"]
[WhiteElo "1437"]
[BlackElo "1230"]
[PlyCount "47"]
[EventDate "2020.09.18"]
[EventType "swiss (rapid)"]
[EventRounds "9"]
[EventCountry "NET"]
[SourceTitle "EXT 2023"]
[Source "ChessBase"]
[SourceDate "2022.10.05"]
[SourceVersion "1"]
[SourceVersionDate "2022.10.05"]
[SourceQuality "1"]
[WhiteTeam "Azerbaijan"]
[BlackTeam "Czech Republic"]
[WhiteTeamCountry "AZE"]
[BlackTeamCountry "CZE"]

1. e4 c5 2. Nf3 e6 3. b4 cxb4 4. d4 Nc6 5. Bd3 Nf6 6. Bg5 Be7 7. 0-0 0-0 8. a3 bxa3 9. Nxa3 d5 10. e5 Nd7 11. Bc1 Qb6 12. h3 Nxd4 13. Nxd4 Qxd4 14. Bxh7+ Kxh7 15. Qxd4 g6 16. Nb5 Bc5 17. Qd3 Nxe5 18. Qd2 f5 19. Qh6+ Kg8 20. Bb2 d4 21. Nxd4 Rf7 22. Nxe6 Nf3+ 23. gxf3 Bxe6 24. Qh8# 1-0

[Event "EU Union-ch U10"]
[Site "Kouty nad Desnou"]
[Date "2020.08.18"]
[Round "5"]
[White "Horkova, Tereza"]
[Black "Roubal, Matyas"]
[Result "0-1"]
[WhiteElo "1237"]
[BlackElo "1471"]
[PlyCount "108"]
[EventDate "2020.08.14"]
[EventType "swiss"]
[EventRounds "9"]
[EventCountry "CZE"]
[SourceTitle "EXT 2021"]
[Source "ChessBase"]
[SourceDate "2020.10.23"]
[SourceVersion "1"]
[SourceVersionDate "2020.10.23"]
[SourceQuality "1"]

1. e4 d5 2. exd5 Nf6 3. Bb5+ Bd7 4. Bc4 Bf5 5. Nc3 c6 6. dxc6 Nxc6 7. Nf3 e6 8. d3 Bc5 9. Be3 Bxe3 10. fxe3 Qb6 11. Qd2 Rd8 12. 0-0 0-0 13. Kh1 e5 14. e4 Nxe4 15. Nxe4 Bxe4 16. Qg5 Bd5 17. Bxd5 Rxd5 18. Rab1 f6 19. Qf5 Ne7 20. Qe4 Rfd8 21. d4 Rxd4 22. Nxd4 Rxd4 23. Qe2 Ng6 24. g3 Qc6+ 25. Kg1 Kf7 26. Rbd1 Qb6 27. Rxd4 Qxd4+ 28. Rf2 e4 29. Qd2 Qxd2 30. Rxd2 Ne5 31. Kf2 e3+ 32. Kxe3 Nc4+ 33. Kd3 Nxd2 34. Kxd2 Ke6 35. Ke3 Ke5 36. c4 a5 37. b3 h5 38. a3 g5 39. b4 b6 40. c5 bxc5 41. bxa5 Kd5 42. a6 Kc6 43. Kd3 f5 44. a7 Kb7 45. Kc4 f4 46. gxf4 gxf4 47. Kd3 Kxa7 48. Ke4 Kb6 49. Kxf4 Kb5 50. Ke3 Kc4 51. Kd2 Kb3 52. Kd3 c4+ 53. Ke2 h4 54. Kf3 h3 0-1

[Event "EU Union-ch U10"]
[Site "Kouty nad Desnou"]
[Date "2020.08.17"]
[Round "4"]
[White "Delgerdalai, Bayarjavkhlan"]
[Black "Horkova, Tereza"]
[Result "1-0"]
[WhiteElo "1853"]
[BlackElo "1237"]
[PlyCount "41"]
[EventDate "2020.08.14"]
[EventType "swiss"]
[EventRounds "9"]
[EventCountry "CZE"]
[SourceTitle "EXT 2021"]
[Source "ChessBase"]
[SourceDate "2020.10.23"]
[SourceVersion "1"]
[SourceVersionDate "2020.10.23"]
[SourceQuality "1"]

1. e4 c5 2. Nf3 e6 3. d4 cxd4 4. Nxd4 Nc6 5. Be3 Nf6 6. Nc3 Bb4 7. Bd3 d5 8. Nxc6 bxc6 9. e5 Nd7 10. Qg4 Qa5 11. Bd2 0-0 12. a3 c5 13. 0-0 Bxc3 14. Bxc3 Qc7 15. f4 f5 16. exf6 Nxf6 17. Bxf6 Rxf6 18. c4 Rb8 19. cxd5 exd5 20. Qh5 Rh6 21. Qe8# 1-0

[Event "CZE-ch U10 Girls"]
[Site "Kouty nad Desnou"]
[Date "2020.03.10"]
[Round "5"]
[White "Buchtova, Viktorie"]
[Black "Horkova, Tereza"]
[Result "1-0"]
[WhiteElo "1347"]
[BlackElo "1217"]
[PlyCount "107"]
[EventDate "2020.03.07"]
[EventType "swiss"]
[EventRounds "7"]
[EventCountry "CZE"]
[SourceTitle "CBM 195 Extra"]
[Source "ChessBase"]
[SourceDate "2020.05.31"]
[SourceVersion "1"]
[SourceVersionDate "2020.05.31"]
[SourceQuality "1"]

1. e4 c5 2. Nf3 e6 3. d4 cxd4 4. Nxd4 Nf6 5. Nc3 Nc6 6. Ndb5 Bb4 7. Bf4 Bxc3+ 8. Nxc3 d5 9. exd5 exd5 10. Be2 0-0 11. 0-0 a6 12. Bg5 Be6 13. Bf3 Rc8 14. Qd2 d4 15. Ne2 Bc4 16. Rad1 Re8 17. Rfe1 Qd6 18. g3 Rcd8 19. Bxf6 Qxf6 20. Bxc6 bxc6 21. Nxd4 Rxe1+ 22. Rxe1 Kf8 23. Qb4+ Qd6 24. Qxc4 Qxd4 25. Qxc6 Qxb2 26. Qc5+ Kg8 27. Qe7 Rf8 28. c4 Qxa2 29. c5 Qc4 30. Qd6 g6 31. Re7 Qb4 32. Ra7 Re8 33. Qd5 Qe1+ 34. Kg2 Qe4+ 35. Qxe4 Rxe4 36. Rxa6 Rc4 37. c6 Kf8 38. f4 Rc3 39. Kh3 h5 40. Kh4 Rc2 41. Kg5 Kg7 42. f5 Rc5 43. Kf4 Rxf5+ 44. Ke4 Rf6 45. Kd5 Kf8 46. c7 Ke7 47. Rxf6 Kxf6 48. c8Q h4 49. gxh4 g5 50. Qd8+ Kg7 51. Qxg5+ Kh8 52. Ke5 f6+ 53. Kxf6 Kh7 54. Qg7# 1-0

[Event "CZE-ch U10 Girls"]
[Site "Kouty nad Desnou"]
[Date "2020.03.09"]
[Round "3"]
[White "Day, Sophia Olivia"]
[Black "Horkova, Tereza"]
[Result "0-1"]
[WhiteElo "1279"]
[BlackElo "1217"]
[PlyCount "116"]
[EventDate "2020.03.07"]
[EventType "swiss"]
[EventRounds "7"]
[EventCountry "CZE"]
[SourceTitle "CBM 195 Extra"]
[Source "ChessBase"]
[SourceDate "2020.05.31"]
[SourceVersion "1"]
[SourceVersionDate "2020.05.31"]
[SourceQuality "1"]

1. e4 c5 2. Nf3 e6 3. d4 cxd4 4. Nxd4 Nf6 5. Nc3 Nc6 6. Be3 Bb4 7. Qd3 d5 8. Nxc6 bxc6 9. 0-0-0 0-0 10. Bg5 h6 11. Bh4 Qd6 12. Bxf6 Qf4+ 13. Kb1 Qxf6 14. Re1 Rb8 15. Ka1 Qxf2 16. Re2 Qb6 17. Re1 Ba5 18. Rb1 Rd8 19. Qf3 d4 20. Nd1 e5 21. Bc4 Rf8 22. g4 Qc5 23. Bb3 Qd6 24. Rg1 Ba6 25. g5 c5 26. a3 c4 27. Ba2 c3 28. b3 hxg5 29. Rxg5 g6 30. Rg3 Bd8 31. Qh5 Qf6 32. Rg2 Qg7 33. Qh3 Bf1 34. Nf2 Bxg2 35. Qxg2 Qh6 36. Rh1 Qd2 37. Kb1 Bh4 38. Rf1 Bxf2 39. Qxf2 Qxf2 40. Rxf2 Kg7 41. h4 Rh8 42. b4 Rbf8 43. Rh2 f5 44. exf5 Rxf5 45. Be6 Rfh5 46. Rf2 Rf8 47. Rh2 Rf4 48. Ka2 Rhxh4 49. Re2 e4 50. Kb3 e3 51. Kc4 Rf2 52. Re1 e2 53. Kd3 g5 54. Rxe2 Rxe2 55. Kxe2 Rh2+ 56. Kd3 Kf6 57. Bc4 Ke5 58. b5 Rd2# 0-1

[Event "EU-ch U10 Girls"]
[Site "Bratislava"]
[Date "2019.08.09"]
[Round "8"]
[White "Voronaya, Eva"]
[Black "Horkova, Tereza"]
[Result "0-1"]
[WhiteElo "1133"]
[BlackElo "1287"]
[PlyCount "158"]
[EventDate "2019.08.02"]
[EventType "swiss"]
[EventRounds "9"]
[EventCountry "SVK"]
[SourceTitle "EXT 2020"]
[Source "ChessBase"]
[SourceDate "2019.10.17"]
[SourceVersion "1"]
[SourceVersionDate "2019.10.17"]
[SourceQuality "1"]

1. e4 e5 2. Nf3 Nc6 3. Bb5 Nf6 4. 0-0 Be7 5. Re1 d6 6. c3 a6 7. Ba4 0-0 8. h3 b5 9. Bc2 Bb7 10. d4 exd4 11. cxd4 Nb4 12. Nbd2 Nxc2 13. Qxc2 c5 14. d5 Rc8 15. Nf1 Re8 16. Ng3 Qb6 17. Bf4 Bd8 18. Nf5 Bc7 19. Rad1 Rcd8 20. b3 Bc8 21. Ng3 a5 22. Rb1 b4 23. Nd2 Ba6 24. Nf5 Qb5 25. Nc4 Qb8 26. Kh1 Nh5 27. Bh2 g6 28. Nh6+ Kg7 29. Ng4 Bxc4 30. bxc4 Qa7 31. Qb2+ Kg8 32. Nh6+ Kf8 33. Bf4 Nxf4 34. Qf6 Bb6 35. Qxf4 Qe7 36. Ng4 Qh4 37. Qf6 Qxf6 38. Nxf6 Re5 39. f4 Re7 40. Nxh7+ Kg7 41. Ng5 a4 42. g4 Rde8 43. Kg2 Rb7 44. Re3 Bd8 45. Kf3 Rh8 46. Kg3 Bf6 47. h4 Bd4 48. Rf3 Rhb8 49. h5 b3 50. axb3 axb3 51. hxg6 Kxg6 52. Nh3 b2 53. f5+ Kg7 54. g5 Rb3 55. f6+ Kg8 56. Nf2 Rxf3+ 57. Kxf3 Ra8 58. Nd3 Ra3 59. Ke2 Ra1 60. Rxb2 Bxb2 61. Nxb2 Ra2 62. Ke3 Rxb2 63. e5 dxe5 64. Ke4 Re2+ 65. Kf5 e4 66. d6 Rd2 67. Kxe4 Rxd6 68. Kf5 Rd4 69. g6 Rxc4 70. gxf7+ Kxf7 71. Ke5 Rd4 72. Kf5 c4 73. Ke5 Rd8 74. Ke4 c3 75. Ke3 c2 76. Ke2 c1Q 77. Kf2 Qc3 78. Ke2 Rd2+ 79. Ke1 Qc1# 0-1